Vedic way: Leadership and success through self-realization (Record no. 394315)

MARC details
000 -LEADER
fixed length control field 00521 a2200193 4500
005 - DATE & TIME
control field 20260116161106.0
008 - FIXED-LENGTH DATA ELEMENTS--GENERAL INFORMATION
fixed length control field 260115b |||||||| |||| 00| 0 eng d
020 ## - ISBN
International Standard Book Number 9789359776934
Price Rs. 1495.00
040 ## - CATALOGING SOURCE
Original cataloging agency VIVEKANANDA LIBRARY
082 ## - DDC NUMBER
Classification number 294.5
Book Number S23V
100 ## - MAIN ENTRY--PERSONAL NAME
Personal name Sharma, Deeksha
245 ## - TITLE STATEMENT
Title Vedic way: Leadership and success through self-realization
260 ## - PUBLICATION, DISTRIBUTION, ETC. (IMPRINT)
Name of publisher, distributor, etc The Readers Paradise
Place of publication, distribution, etc New Delhi
Date of publication, distribution, etc 2025
300 ## - PHYSICAL DESCRIPTION
Pages 295
650 ## - Subject
Subject Religion
650 ## - Subject
Subject Vedic Studies
700 ## - Added Entry Personal Name
Added Entry Personal Name Pandey, Kapil
942 ## - ADDED ENTRY ELEMENTS (KOHA)
Koha item type Books
Holdings
Withdrawn status Lost status Source of classification or shelving scheme Damaged status Not for loan Location (home branch) Sublocation or collection (holding branch) Shelving location Date acquired Koha issues (times borrowed) Koha full call number Accession No. Koha date last seen Koha item type
    Dewey Decimal Classification     VIVEKANANDA LIBRARY VIVEKANANDA LIBRARY Vivekananda Library 18/12/2025 2 294.5 S23V 443760 12/03/2026 Books
© Designed and Maintained by Vivekananda Library, MDU Rohtak